LEADER 01095nam a2200241 i 4500 001 000000107344 003 CaOOAMICUS 005 20161102000000.0 008 161102s1998 it u000 u ita u 013 $a79583 040 $aSeMil$bita 245 12$aL'altra faccia della coca /$ca cura della segreteria della Campagna "Non di sola coca" : Paola Carugati ... [et al.] ; con interventi di Cecilia Barella ... [et al.]. 260 $aRivoli :$bAssociazione "Impegnarsi serve",$cstampa 1998. 300 $aXI, 265 p. :$bill. ;$c24 cm. 650 4$aColombia.$0(OLS)http://semarc/subject/11089 650 4$aDroghe.$0(OLS)http://semarc/subject/7149 700 1 $aBarella, Cecilia.$0(OLS)http://semarc/name/45169 700 1 $aCarugati, Paola.$0(OLS)http://semarc/name/45168 850 $aSeMil 852 $aSeMil$W1$xVenegono$y1$m3XA V 10$j63440$B63440$CSeMilBibl$Z2$F214626 $81 961 $aOmaggio: Giudici Ecc. Giovanni 996 $6245$aL'altra faccia della coca$9(OLS)http://semarc/title/155773 996 $6260$aRivoli :$bAssociazione "Impegnarsi serve"$9(OLS)http://semarc/publisher/44888 LEADER 00525naa a2200145 i 4500 001 000000303956 003 CaOOAMICUS 005 20180831172809.0 008 180831n xx u000 u und u 013 $a11735 040 $aSeMil$bita 100 1 $aHardick, Lothar,$c.$0(OLS)http://semarc/name/87167 245 10$aFranz von Assisi und die Franziskaner. 773 0 $tMönchsväter und Ordensgründer.$dWürzburg : Echter, 1991.$z3-429-01395-X$w()39654 996 $6245$aFranz von Assisi und die Franziskaner$9(OLS)http://semarc/title/379907